| 000 | 00599nam a2200205 4500 | ||
|---|---|---|---|
| 003 | OSt | ||
| 005 | 20230907130112.0 | ||
| 006 | k|||||r|||| 00| zz | ||
| 008 | 708 R549v | ||
| 040 | _cLado V | ||
| 082 |
_a708 _bA992c |
||
| 100 |
_91037 _aAzcárate, Emilia _eautor |
||
| 245 | _aCerca de mí/ | ||
| 260 |
_bEditorial Arte _c2002 _aVenezuela |
||
| 300 |
_a16p. _c16x20cm |
||
| 650 |
_2Tesauro de Arte & Arquitectura _aARTE _9702 |
||
| 650 |
_2Tesauro de Arte & Arquitectura _aPINTURA _9702 |
||
| 650 |
_2Tesauro de Arte & Arquitectura _aEXHIBICION |
||
| 942 |
_2ddc _c1 _h708 _iA992c _n0 |
||
| 999 |
_c4296 _d4296 |
||